000 00963cab a2200241 4500
001 ABS53859
008 090401t1995 xxu||||| |||| 00| 0 eng d
035 _a(Sirsi) u6956
041 _aeng
100 _aHarding, J.
245 _aNew agrimonetary rules could curb bonuses
260 _c1995
350 _a0
490 _aFarmland Market
_v(44) Autumn 1995, 14-15(2)
520 _aConsiders the arguments surrounding the reforms agreed in July 1995 to the `Green` currency - or agrimonetary - system (the exchange rate mechanism which converts European payments made as part of the CAP into farmers` national currencies). Outlines the reforms and forecasts likely financial effects, that include being less favourable to UK farmers.
650 _aAGRIMONETARY SYSTEM
650 _aCOMMON AGRICULTURAL POLICY
650 _aEXCHANGE RATE MECHANISM
650 _aGREEN CURRENCY SYSTEM
690 _aRURAL PRACTICE
942 _n0
948 _c04/03/1997
999 _c4142
_d4142